000 00641nam a2200217Ii 4500
003 JO-AjNU
008 230606s9999||||xx |||||||||||||| ||und||
020 _a978-1-88189-166-2
040 _aJO-AjNU
_beng
_erda
_cJO-AjNU
041 _aeng
050 1 4 _aCB361.J34.2009
100 3 _aJardineKLisa/Brotton،Jerry,
_eauthor
_92304
245 0 0 _aGlobal Interests: Renaissance Art betweenEast and West
250 _a1 ed
264 3 1 _aLondon: reaktion Books, 2009
300 _a223p
336 _atext
_btxt
_2rdacontent
337 _aunmediated
_bn
_2rdamedia
338 _avolume
_bnc
_2rdacarrier
650 4 _aArt Renassance-Europe
_92305
999 _aE1205
_c1205
_d1205